| 000 | 01842nam a2200301 i 4500 | ||
|---|---|---|---|
| 003 | OSt | ||
| 005 | 20260504103241.0 | ||
| 008 | 260504t20252025nyuaof cr 000 f1eeng d | ||
| 020 |
_a9798217032440 _cRM 63.50 _qpaperback |
||
| 040 |
_aPPAK _beng _cPPAK _erda |
||
| 082 | 0 | 4 |
_223 _a813.6 |
| 090 | 0 | 0 |
_a813.6 _bGIL _dK |
| 100 | 1 |
_aGilbert, Matthew J., _eauthor. |
|
| 245 | 1 | 0 |
_aSTRAGER THING SEASON ONE : _bTHE JUNIOR NOVELIZATION / _cAdapted by Matthew J. Gilbert. |
| 264 | 1 |
_aNew York, NY : _bRandom House, _c2025 |
|
| 264 | 4 | _c©2025 | |
| 300 |
_a315 pages, 8 unnumbered pages of plates : _billustrations, photographs (chiefly color) ; _c19 cm |
||
| 336 |
_atext _2rdacontent |
||
| 337 |
_aunmediated _2rdamedia |
||
| 338 |
_avolume _2rdacarrier |
||
| 500 | _a"The junior novelization." | ||
| 500 | _a"Based on the episodes "The vanishing of Will Byers," written by The Duffer Brothers; "The weirdo of Maple Street," written by The Duffer Brothers; "Holly, jolly," written by Jessica Mecklenburg; "The body," written by Justin Doble; "The flea and the acrobat," written by Alison Tatlock; "The monster," written by Jessie Nickson-Lopez; "The bathtub," written by Justin Doble; and "The upside down," teleplay by The Duffer Brothers, story by Paul Dichter."--Title page. | ||
| 520 |
_a"Hawkins is a quiet town where nothing exciting seems to happen-until one night when a boy named Will Byers vanishes. Follow his friends Mike, Lucas, and Dustin as they search for him and uncover a world of secret experiments and terrifying supernatural forces. Is Eleven, a girl with incredible psychic powers, the secret to the mystery?"-- _cProvided by publisher |
||
| 650 | 1 | 0 |
_aSecrecy _vJuvenile fiction |
| 650 | 2 | 0 |
_aScience _xExperiments _vJuvenile fiction |
| 650 | 2 | 0 |
_aPsychic ability _vJuvenile fiction |
| 942 |
_2ddc _cB |
||
| 999 |
_c204074 _d204074 |
||